000 01408nam0a22002531 4500
001 rc\3550384
005 20260407152043.0
021 _aRU
_bРг9346-72
021 _aRU
_b72-ОЭ-1107/8
035 _a(NLR Aleph) 007637809
090 _a6093337
_c6093337
100 _a20130115d1971 |||y0rusy50 ca
101 0 _arus
102 _aRU
105 _ay z |||||
200 1 _aРекомендации Всесоюзного совещания по использованию золы и шлака тепловых электростанций в строительстве и промышленности строительных материалов. (27-29 октября)
_eПроект
_fГосстрой СССР. Минстройматериалов СССР. Госстрой ЭССР. Минстройматериалов ЭССР. Центр. и Эст. респ. правл. НТО Стройиндустрии
210 _aТаллин
_cБ. и.
_d1971
215 _a11 с.
_d21
710 1 2 _aВсесоюзное совещание по использованию зол тепловых электростанций в строительстве и промышленности строительных материалов
_f1971
_eТаллин
_3RU\NLR\AUTH\8810092209
_9685688
801 0 _aRU
_bNLR
_gpsbo
801 1 _aRU
_bELAR
_2rusmarc
852 _aNLR
_j72-6/4890
942 _cBOOK
980 _aNB